When Food Kills (Record no. 335145)
[ view plain ]
| 000 -LEADER | |
|---|---|
| fixed length control field | 00521nam a2200097Ia 4500 |
| 008 - FIXED-LENGTH DATA ELEMENTS--GENERAL INFORMATION | |
| fixed length control field | 170517s9999 xx 000 0 und d |
| 245 ## - TITLE STATEMENT | |
| Title | When Food Kills |
| 300 ## - PHYSICAL DESCRIPTION | |
| Extent | It’s every parent’s worst nightmare. One moment their child is perfectly healthy. The next, they’ve stopped breathing and are turning blue. For many children, the merest hint of nut is all it takes to send them into anaphylactic shock. Food allergies are on the... |
| 650 ## - SUBJECT ADDED ENTRY--TOPICAL TERM | |
| General subdivision | Technology. |
| 856 ## - ELECTRONIC LOCATION AND ACCESS | |
| Uniform Resource Identifier | <a href="http://topdocumentaryfilms.com/when-food-kills/">http://topdocumentaryfilms.com/when-food-kills/</a> |
| Withdrawn status | Lost status | Damaged status | Home library | Current library | Date acquired | Total Checkouts | Date last seen | Price effective from | Koha item type |
|---|---|---|---|---|---|---|---|---|---|
| College Library | College Library | 05/17/2017 | 05/17/2017 | 05/17/2017 | Documentary Films |